• 首页
  • 本馆介绍
  • 公告通知
  • 最新文献
  • 馆藏检索
  • 电子资源
  • 读者导购
  • 参考咨询
  • 我的图书馆
  • 登录
  • 详细信息显示
  • 放入我的书架
  • 预约/预借图书
  • 作者相关作品
  • 分类相关作品
  • 丛书相关作品
  • 出版社相关作品

书目信息

  • 表格格式
  • 工作单格式
  • 卡片格式
题名:
梦溪笔谈
    
 
作者: 沈括 著 ;杨靖 , 李昆仑 编
分册:  
出版信息: 兰州   敦煌文艺出版社  2015
页数: 186页
开本: 24cm
丛书名:
单 册:
中图分类: I264.41
科图分类:
主题词: 笔记--bi ji--作品集--中国--北宋 , 文史--wen shi--中国--北宋
电子资源:
ISBN: 978-7-5468-0875-8
000 01064nam0 22002891 450
001 0122100739
005 20170322100739.0
010    @a978-7-5468-0875-8@dCNY29.80
100    @a20160113d2015 em y0chiy50 ea
101 0  @achi
102    @aCN@b620000
105    @aa z 000yy
106    @ar
200 1  @a梦溪笔谈@9meng xi bi tan@f(北宋)沈括著@g杨靖, 李昆仑编
210    @a兰州@c敦煌文艺出版社@d2015
215    @a186页@c照片@d24cm
300    @a全民阅读:国学经典无障碍悦读书系 29 中国古代科学史的里程碑
330    @a本书对沈括的《梦溪笔谈》进行注释解读,全书分为六大版块:图鉴阅读、史记阅读、辅助阅读、原作新释、体验阅读和延展阅读。通过这些版块,从不同功用上对《梦溪笔谈》进行全方位的介绍。
605    @a《梦溪笔谈》@Ameng xi bi tan@x注释
606 0  @a笔记@9bi ji@x作品集@y中国@z北宋
606 0  @a文史@9wen shi@y中国@z北宋
690    @aI264.41@v5
701  0 @c(宋)@a沈括@9shen kuo@f(1031~1095)@4著
702  0 @a杨靖@9yang jing@4编
702  0 @a李昆仑@9li kun lun@4编
801  0 @aCN@bTANGWEI@c20170308
905    @b0959362-5@dI264.41@e2105@f4
    
    梦溪笔谈/(北宋)沈括著/杨靖, 李昆仑编.-兰州:敦煌文艺出版社,2015
    186页:照片;24cm
    全民阅读:国学经典无障碍悦读书系 29 中国古代科学史的里程碑
    
    ISBN 978-7-5468-0875-8:CNY29.80
    本书对沈括的《梦溪笔谈》进行注释解读,全书分为六大版块:图鉴阅读、史记阅读、辅助阅读、原作新释、体验阅读和延展阅读。通过这些版块,从不同功用上对《梦溪笔谈》进行全方位的介绍。
●
相关链接 在E读中查询图书 在五车中查询图书 在当当中查询图书 在豆瓣中查询图书


正题名:梦溪笔谈     索取号:I264.41/2105         预约/预借

序号 登录号 条形码 馆藏地/架位号 状态 备注
1 0959362   209593625   第一样本阅览室/ [索取号:I264.41/2105] 在馆    
2 0959363   209593634   第二借阅区/ [索取号:I264.41/2105] 在馆    
3 0959364   209593643   第二借阅区/ [索取号:I264.41/2105] 在馆    
4 0959365   209593652   第二借阅区/ [索取号:I264.41/2105] 在馆    
唐山师范学院图书馆 欢迎您!
大连网信软件有限公司© 版权所有